| 000 | 01284cam a2200277K 4500 | ||
|---|---|---|---|
| 082 | 0 | 4 |
_a968.048 _bTIM |
| 100 | 1 |
_aAmery, L. S. _950081 |
|
| 245 | 1 | 4 |
_aThe Times history of the war in South Africa, _b1899-1902; _ced. by L.S. Amery, with many photogravure and other portraits, maps, and battle plans. |
| 260 |
_aLondon, _bS. Low, Marston and Co., _c1900-09. |
||
| 300 |
_a7 v. _bfronts., ports., fold. maps, fold. plans. _c24 cm. |
||
| 500 | _aMaps in pockets of vol. 1,4, 5. | ||
| 500 | _aTitle of v. 1 reads: The Times history of the war in South Africa, 1899-1900. | ||
| 500 | _aVol. 1: 2d ed. | ||
| 500 | _aVol. 4: General editor: L.S. Amery; ed. by Basil Williams; v. 5: General editor: L.S. Amery, ed. by Erskine Childers; v. 7: Index and appendices, by G.P. Tallboy. | ||
| 505 | 0 | _aVol. 1 1899-1900 -- v. 2-7 1899-1902. | |
| 526 |
_a0 _b0 _c0 _d968_048000000000000_TIM |
||
| 650 | 0 |
_aMCE _9379 |
|
| 650 | 0 |
_aSouth African War, 1899-1902. _937963 |
|
| 700 | 1 |
_aChilders, Erskine, _950082 |
|
| 700 | 1 |
_aTallboy, G. P. _950083 |
|
| 700 | 1 |
_aWilliams, Basil, _950084 |
|
| 710 | 2 |
_aTimes, London. _950140 |
|
| 856 | 4 | 0 | _uhttp://catalog.hathitrust.org/api/volumes/oclc/2326904.html |
| 856 | 4 | 0 | _uhttp://catalog.hathitrust.org/api/volumes/oclc/54561546.html |
| 942 |
_2ddc _cBK |
||
| 999 |
_c552870 _d552870 |
||